<?xml version="1.0" encoding="UTF-8"?><marc:collection xmlns:marc="http://www.loc.gov/MARC21/slim">
  <marc:record>
    <marc:leader>05819cam a2201177 c 4500</marc:leader>
    <marc:controlfield tag="001">112442161</marc:controlfield>
    <marc:controlfield tag="003">DE-627</marc:controlfield>
    <marc:controlfield tag="005">20260422130150.0</marc:controlfield>
    <marc:controlfield tag="007">tu</marc:controlfield>
    <marc:controlfield tag="008">921122s1983    gw |||||      00| ||eng c</marc:controlfield>
    <marc:datafield tag="010" ind1=" " ind2=" ">
      <marc:subfield code="a">   84174286 </marc:subfield>
    </marc:datafield>
    <marc:datafield tag="015" ind1=" " ind2=" ">
      <marc:subfield code="a">84,A15,0454</marc:subfield>
      <marc:subfield code="2">dnb</marc:subfield>
    </marc:datafield>
    <marc:datafield tag="016" ind1="7" ind2=" ">
      <marc:subfield code="a">840379307</marc:subfield>
      <marc:subfield code="2">DE-101</marc:subfield>
    </marc:datafield>
    <marc:datafield tag="020" ind1=" " ind2=" ">
      <marc:subfield code="a">3443210465</marc:subfield>
      <marc:subfield code="q">pbk.</marc:subfield>
      <marc:subfield code="9">3-443-21046-5</marc:subfield>
    </marc:datafield>
    <marc:datafield tag="035" ind1=" " ind2=" ">
      <marc:subfield code="a">(DE-627)112442161</marc:subfield>
    </marc:datafield>
    <marc:datafield tag="035" ind1=" " ind2=" ">
      <marc:subfield code="a">(DE-603)048889555</marc:subfield>
    </marc:datafield>
    <marc:datafield tag="035" ind1=" " ind2=" ">
      <marc:subfield code="a">(DE-576)037181378</marc:subfield>
    </marc:datafield>
    <marc:datafield tag="035" ind1=" " ind2=" ">
      <marc:subfield code="a">(DE-599)GBV112442161</marc:subfield>
    </marc:datafield>
    <marc:datafield tag="035" ind1=" " ind2=" ">
      <marc:subfield code="a">(OCoLC)1531747628</marc:subfield>
    </marc:datafield>
    <marc:datafield tag="035" ind1=" " ind2=" ">
      <marc:subfield code="a">(OCoLC)12665954</marc:subfield>
    </marc:datafield>
    <marc:datafield tag="035" ind1=" " ind2=" ">
      <marc:subfield code="a">(OCoLC)613585685</marc:subfield>
    </marc:datafield>
    <marc:datafield tag="040" ind1=" " ind2=" ">
      <marc:subfield code="a">DE-627</marc:subfield>
      <marc:subfield code="b">ger</marc:subfield>
      <marc:subfield code="c">DE-627</marc:subfield>
      <marc:subfield code="e">rakwb</marc:subfield>
    </marc:datafield>
    <marc:datafield tag="041" ind1=" " ind2=" ">
      <marc:subfield code="a">eng</marc:subfield>
    </marc:datafield>
    <marc:datafield tag="044" ind1=" " ind2=" ">
      <marc:subfield code="c">XA-DE</marc:subfield>
    </marc:datafield>
    <marc:datafield tag="050" ind1=" " ind2="0">
      <marc:subfield code="a">QE597</marc:subfield>
    </marc:datafield>
    <marc:datafield tag="082" ind1="0" ind2=" ">
      <marc:subfield code="a">551.3/52/0952</marc:subfield>
      <marc:subfield code="q">LOC</marc:subfield>
      <marc:subfield code="2">19</marc:subfield>
    </marc:datafield>
    <marc:datafield tag="082" ind1="0" ind2=" ">
      <marc:subfield code="a">551.3520952</marc:subfield>
      <marc:subfield code="q">LoC</marc:subfield>
      <marc:subfield code="2">DDC19oclc</marc:subfield>
    </marc:datafield>
    <marc:datafield tag="084" ind1=" " ind2=" ">
      <marc:subfield code="a">31</marc:subfield>
      <marc:subfield code="2">sdnb</marc:subfield>
    </marc:datafield>
    <marc:datafield tag="084" ind1=" " ind2=" ">
      <marc:subfield code="a">31</marc:subfield>
      <marc:subfield code="a">61</marc:subfield>
      <marc:subfield code="2">sdnb</marc:subfield>
    </marc:datafield>
    <marc:datafield tag="084" ind1=" " ind2=" ">
      <marc:subfield code="a">RB 10247</marc:subfield>
      <marc:subfield code="2">rvk</marc:subfield>
      <marc:subfield code="0">(DE-625)rvk/142220:12673</marc:subfield>
    </marc:datafield>
    <marc:datafield tag="084" ind1=" " ind2=" ">
      <marc:subfield code="a">RB 10262</marc:subfield>
      <marc:subfield code="2">rvk</marc:subfield>
      <marc:subfield code="0">(DE-625)rvk/142220:12678</marc:subfield>
    </marc:datafield>
    <marc:datafield tag="084" ind1=" " ind2=" ">
      <marc:subfield code="a">38.42</marc:subfield>
      <marc:subfield code="2">bkl</marc:subfield>
    </marc:datafield>
    <marc:datafield tag="084" ind1=" " ind2=" ">
      <marc:subfield code="a">38.45</marc:subfield>
      <marc:subfield code="2">bkl</marc:subfield>
    </marc:datafield>
    <marc:datafield tag="245" ind1="0" ind2="0">
      <marc:subfield code="a">Extreme land forming events</marc:subfield>
      <marc:subfield code="b">23 tables</marc:subfield>
      <marc:subfield code="c">ed. by S. Okuda ...</marc:subfield>
    </marc:datafield>
    <marc:datafield tag="264" ind1=" " ind2="1">
      <marc:subfield code="a">Berlin</marc:subfield>
      <marc:subfield code="a">Stuttgart</marc:subfield>
      <marc:subfield code="b">Borntraeger</marc:subfield>
      <marc:subfield code="c">1983</marc:subfield>
    </marc:datafield>
    <marc:datafield tag="300" ind1=" " ind2=" ">
      <marc:subfield code="a">VI, 163 S.</marc:subfield>
      <marc:subfield code="b">Ill., graph. Darst.</marc:subfield>
      <marc:subfield code="c">25 x 17 cm</marc:subfield>
    </marc:datafield>
    <marc:datafield tag="336" ind1=" " ind2=" ">
      <marc:subfield code="a">Text</marc:subfield>
      <marc:subfield code="b">txt</marc:subfield>
      <marc:subfield code="2">rdacontent</marc:subfield>
    </marc:datafield>
    <marc:datafield tag="337" ind1=" " ind2=" ">
      <marc:subfield code="a">ohne Hilfsmittel zu benutzen</marc:subfield>
      <marc:subfield code="b">n</marc:subfield>
      <marc:subfield code="2">rdamedia</marc:subfield>
    </marc:datafield>
    <marc:datafield tag="338" ind1=" " ind2=" ">
      <marc:subfield code="a">Band</marc:subfield>
      <marc:subfield code="b">nc</marc:subfield>
      <marc:subfield code="2">rdacarrier</marc:subfield>
    </marc:datafield>
    <marc:datafield tag="490" ind1="1" ind2=" ">
      <marc:subfield code="a">Zeitschrift für Geomorphologie</marc:subfield>
      <marc:subfield code="a">Supplementband</marc:subfield>
      <marc:subfield code="v">46</marc:subfield>
    </marc:datafield>
    <marc:datafield tag="500" ind1=" " ind2=" ">
      <marc:subfield code="a">Literaturangaben</marc:subfield>
    </marc:datafield>
    <marc:datafield tag="500" ind1=" " ind2=" ">
      <marc:subfield code="a">Mit 75 fig., 12 photos u. 23 tab</marc:subfield>
    </marc:datafield>
    <marc:datafield tag="583" ind1="1" ind2=" ">
      <marc:subfield code="a">Archivierung/Langzeitarchivierung gewährleistet</marc:subfield>
      <marc:subfield code="f">PEBW</marc:subfield>
      <marc:subfield code="x">XA-DE-BW</marc:subfield>
      <marc:subfield code="2">pdager</marc:subfield>
      <marc:subfield code="5">DE-24</marc:subfield>
    </marc:datafield>
    <marc:datafield tag="583" ind1="1" ind2=" ">
      <marc:subfield code="a">Archivierung prüfen</marc:subfield>
      <marc:subfield code="c">20240324</marc:subfield>
      <marc:subfield code="f">DE-4165</marc:subfield>
      <marc:subfield code="z">2</marc:subfield>
      <marc:subfield code="2">pdager</marc:subfield>
    </marc:datafield>
    <marc:datafield tag="650" ind1=" " ind2="0">
      <marc:subfield code="a">Erosion</marc:subfield>
      <marc:subfield code="z">Japan</marc:subfield>
      <marc:subfield code="x">Congresses</marc:subfield>
    </marc:datafield>
    <marc:datafield tag="650" ind1=" " ind2="0">
      <marc:subfield code="a">Erosion</marc:subfield>
      <marc:subfield code="z">Washington (State)</marc:subfield>
      <marc:subfield code="z">Saint Helens, Mount, Region</marc:subfield>
      <marc:subfield code="x">Congresses</marc:subfield>
    </marc:datafield>
    <marc:datafield tag="650" ind1=" " ind2="0">
      <marc:subfield code="a">Erosion</marc:subfield>
      <marc:subfield code="x">Congresses</marc:subfield>
    </marc:datafield>
    <marc:datafield tag="650" ind1=" " ind2="0">
      <marc:subfield code="a">Mass-wasting</marc:subfield>
      <marc:subfield code="z">Japan</marc:subfield>
      <marc:subfield code="x">Congresses</marc:subfield>
    </marc:datafield>
    <marc:datafield tag="650" ind1=" " ind2="0">
      <marc:subfield code="a">Mass-wasting</marc:subfield>
      <marc:subfield code="x">Congresses</marc:subfield>
    </marc:datafield>
    <marc:datafield tag="650" ind1=" " ind2="4">
      <marc:subfield code="a">Geomorphologie++Exogene Kräfte</marc:subfield>
    </marc:datafield>
    <marc:datafield tag="650" ind1=" " ind2="4">
      <marc:subfield code="a">Erosion</marc:subfield>
    </marc:datafield>
    <marc:datafield tag="650" ind1=" " ind2="4">
      <marc:subfield code="a">Abtragung</marc:subfield>
    </marc:datafield>
    <marc:datafield tag="651" ind1=" " ind2="4">
      <marc:subfield code="a">Japan</marc:subfield>
    </marc:datafield>
    <marc:datafield tag="655" ind1=" " ind2="7">
      <marc:subfield code="a">Konferenzschrift</marc:subfield>
      <marc:subfield code="0">(DE-588)1071861417</marc:subfield>
      <marc:subfield code="0">(DE-627)826484824</marc:subfield>
      <marc:subfield code="0">(DE-576)433375485</marc:subfield>
      <marc:subfield code="2">gnd-content</marc:subfield>
    </marc:datafield>
    <marc:datafield tag="655" ind1=" " ind2="7">
      <marc:subfield code="a">Aufsatzsammlung</marc:subfield>
      <marc:subfield code="0">(DE-588)4143413-4</marc:subfield>
      <marc:subfield code="0">(DE-627)105605727</marc:subfield>
      <marc:subfield code="0">(DE-576)209726091</marc:subfield>
      <marc:subfield code="2">gnd-content</marc:subfield>
    </marc:datafield>
    <marc:datafield tag="655" ind1=" " ind2="7">
      <marc:subfield code="a">Konferenzschrift</marc:subfield>
      <marc:subfield code="y">1980</marc:subfield>
      <marc:subfield code="z">Kioto</marc:subfield>
      <marc:subfield code="0">(DE-588)1071861417</marc:subfield>
      <marc:subfield code="0">(DE-627)826484824</marc:subfield>
      <marc:subfield code="0">(DE-576)433375485</marc:subfield>
      <marc:subfield code="2">gnd-content</marc:subfield>
    </marc:datafield>
    <marc:datafield tag="689" ind1="0" ind2="0">
      <marc:subfield code="D">s</marc:subfield>
      <marc:subfield code="0">(DE-588)4130684-3</marc:subfield>
      <marc:subfield code="0">(DE-627)105700703</marc:subfield>
      <marc:subfield code="0">(DE-576)209621044</marc:subfield>
      <marc:subfield code="a">Geomorphologie</marc:subfield>
      <marc:subfield code="2">gnd</marc:subfield>
    </marc:datafield>
    <marc:datafield tag="689" ind1="0" ind2=" ">
      <marc:subfield code="5">(DE-627)</marc:subfield>
    </marc:datafield>
    <marc:datafield tag="689" ind1="1" ind2="0">
      <marc:subfield code="D">s</marc:subfield>
      <marc:subfield code="0">(DE-588)4130684-3</marc:subfield>
      <marc:subfield code="0">(DE-627)105700703</marc:subfield>
      <marc:subfield code="0">(DE-576)209621044</marc:subfield>
      <marc:subfield code="a">Geomorphologie</marc:subfield>
      <marc:subfield code="2">gnd</marc:subfield>
    </marc:datafield>
    <marc:datafield tag="689" ind1="1" ind2=" ">
      <marc:subfield code="5">(DE-627)</marc:subfield>
    </marc:datafield>
    <marc:datafield tag="689" ind1="2" ind2="0">
      <marc:subfield code="D">s</marc:subfield>
      <marc:subfield code="0">(DE-588)4130684-3</marc:subfield>
      <marc:subfield code="0">(DE-627)105700703</marc:subfield>
      <marc:subfield code="0">(DE-576)209621044</marc:subfield>
      <marc:subfield code="a">Geomorphologie</marc:subfield>
      <marc:subfield code="2">gnd</marc:subfield>
    </marc:datafield>
    <marc:datafield tag="689" ind1="2" ind2=" ">
      <marc:subfield code="5">(DE-627)</marc:subfield>
    </marc:datafield>
    <marc:datafield tag="689" ind1="3" ind2="0">
      <marc:subfield code="D">s</marc:subfield>
      <marc:subfield code="0">(DE-588)4130684-3</marc:subfield>
      <marc:subfield code="0">(DE-627)105700703</marc:subfield>
      <marc:subfield code="0">(DE-576)209621044</marc:subfield>
      <marc:subfield code="a">Geomorphologie</marc:subfield>
      <marc:subfield code="2">gnd</marc:subfield>
    </marc:datafield>
    <marc:datafield tag="689" ind1="3" ind2="1">
      <marc:subfield code="D">s</marc:subfield>
      <marc:subfield code="0">(DE-588)4319126-5</marc:subfield>
      <marc:subfield code="0">(DE-627)700182411</marc:subfield>
      <marc:subfield code="0">(DE-576)211207527</marc:subfield>
      <marc:subfield code="a">Exogene Kraft</marc:subfield>
      <marc:subfield code="2">gnd</marc:subfield>
    </marc:datafield>
    <marc:datafield tag="689" ind1="3" ind2=" ">
      <marc:subfield code="5">(DE-627)</marc:subfield>
    </marc:datafield>
    <marc:datafield tag="700" ind1="1" ind2=" ">
      <marc:subfield code="a">Okuda, Setsuo</marc:subfield>
      <marc:subfield code="e">HerausgeberIn</marc:subfield>
      <marc:subfield code="0">(DE-627)1237855578</marc:subfield>
      <marc:subfield code="0">(DE-576)167855573</marc:subfield>
      <marc:subfield code="4">edt</marc:subfield>
    </marc:datafield>
    <marc:datafield tag="700" ind1="1" ind2=" ">
      <marc:subfield code="a">Netto, A.</marc:subfield>
      <marc:subfield code="e">HerausgeberIn</marc:subfield>
      <marc:subfield code="4">edt</marc:subfield>
    </marc:datafield>
    <marc:datafield tag="700" ind1="1" ind2=" ">
      <marc:subfield code="a">Slaymaker, Olav</marc:subfield>
      <marc:subfield code="d">1939-</marc:subfield>
      <marc:subfield code="e">HerausgeberIn</marc:subfield>
      <marc:subfield code="0">(DE-588)132117355</marc:subfield>
      <marc:subfield code="0">(DE-627)518144097</marc:subfield>
      <marc:subfield code="0">(DE-576)164184007</marc:subfield>
      <marc:subfield code="4">edt</marc:subfield>
    </marc:datafield>
    <marc:datafield tag="710" ind1="2" ind2=" ">
      <marc:subfield code="a">International Geographical Union</marc:subfield>
      <marc:subfield code="b">Commission on Field Experiments in Geomorphology</marc:subfield>
      <marc:subfield code="0">(DE-588)308302-0</marc:subfield>
      <marc:subfield code="0">(DE-627)100833705</marc:subfield>
      <marc:subfield code="0">(DE-576)19244025X</marc:subfield>
      <marc:subfield code="4">oth</marc:subfield>
    </marc:datafield>
    <marc:datafield tag="830" ind1=" " ind2="0">
      <marc:subfield code="a">Zeitschrift für Geomorphologie</marc:subfield>
      <marc:subfield code="p">Supplement</marc:subfield>
      <marc:subfield code="v">46</marc:subfield>
      <marc:subfield code="9">4600</marc:subfield>
      <marc:subfield code="w">(DE-627)129465739</marc:subfield>
      <marc:subfield code="w">(DE-576)014831775</marc:subfield>
      <marc:subfield code="w">(DE-600)201398-8</marc:subfield>
      <marc:subfield code="x">0044-2798</marc:subfield>
      <marc:subfield code="7">am</marc:subfield>
    </marc:datafield>
    <marc:datafield tag="856" ind1="4" ind2="2">
      <marc:subfield code="u">http://www.gbv.de/dms/tib-ub-hannover/112442161.pdf</marc:subfield>
      <marc:subfield code="m">V:DE-601</marc:subfield>
      <marc:subfield code="m">B:DE-89</marc:subfield>
      <marc:subfield code="q">pdf/application</marc:subfield>
      <marc:subfield code="x">Verlag</marc:subfield>
      <marc:subfield code="y">Inhaltsverzeichnis</marc:subfield>
      <marc:subfield code="3">Inhaltsverzeichnis</marc:subfield>
      <marc:subfield code="7">1</marc:subfield>
    </marc:datafield>
    <marc:datafield tag="856" ind1="4" ind2="2">
      <marc:subfield code="u">http://scans.hebis.de/HEBCGI/show.pl?04888955_toc.pdf</marc:subfield>
      <marc:subfield code="m">V:DE-605</marc:subfield>
      <marc:subfield code="q">application/pdf</marc:subfield>
      <marc:subfield code="3">Inhaltsverzeichnis</marc:subfield>
      <marc:subfield code="7">1</marc:subfield>
    </marc:datafield>
    <marc:datafield tag="912" ind1=" " ind2=" ">
      <marc:subfield code="a">SSG-OPC-ggo</marc:subfield>
    </marc:datafield>
    <marc:datafield tag="924" ind1="0" ind2=" ">
      <marc:subfield code="a">410872431</marc:subfield>
      <marc:subfield code="b">DE-1a</marc:subfield>
      <marc:subfield code="9">1a</marc:subfield>
      <marc:subfield code="c">GBV</marc:subfield>
      <marc:subfield code="d">c</marc:subfield>
      <marc:subfield code="g">Ser. 5921-46/48</marc:subfield>
      <marc:subfield code="h">6</marc:subfield>
    </marc:datafield>
    <marc:datafield tag="924" ind1="0" ind2=" ">
      <marc:subfield code="a">228341027</marc:subfield>
      <marc:subfield code="b">DE-46</marc:subfield>
      <marc:subfield code="9">46</marc:subfield>
      <marc:subfield code="c">GBV</marc:subfield>
      <marc:subfield code="d">c</marc:subfield>
      <marc:subfield code="g">a ggr 016 ka/630-46</marc:subfield>
      <marc:subfield code="h">E02</marc:subfield>
    </marc:datafield>
    <marc:datafield tag="924" ind1="0" ind2=" ">
      <marc:subfield code="a">078256666</marc:subfield>
      <marc:subfield code="b">DE-18</marc:subfield>
      <marc:subfield code="9">18</marc:subfield>
      <marc:subfield code="c">GBV</marc:subfield>
      <marc:subfield code="d">c</marc:subfield>
      <marc:subfield code="g">A 1984/1692</marc:subfield>
      <marc:subfield code="h">SUB</marc:subfield>
    </marc:datafield>
    <marc:datafield tag="924" ind1="0" ind2=" ">
      <marc:subfield code="a">240905415</marc:subfield>
      <marc:subfield code="b">DE-830</marc:subfield>
      <marc:subfield code="9">830</marc:subfield>
      <marc:subfield code="c">GBV</marc:subfield>
      <marc:subfield code="d">c</marc:subfield>
      <marc:subfield code="g">2422-0646</marc:subfield>
      <marc:subfield code="h">24</marc:subfield>
    </marc:datafield>
    <marc:datafield tag="924" ind1="0" ind2=" ">
      <marc:subfield code="a">369604512</marc:subfield>
      <marc:subfield code="b">DE-8</marc:subfield>
      <marc:subfield code="9">8</marc:subfield>
      <marc:subfield code="c">GBV</marc:subfield>
      <marc:subfield code="d">c</marc:subfield>
      <marc:subfield code="g">Kx 9242</marc:subfield>
      <marc:subfield code="h">16</marc:subfield>
    </marc:datafield>
    <marc:datafield tag="924" ind1="0" ind2=" ">
      <marc:subfield code="a">487534662</marc:subfield>
      <marc:subfield code="b">DE-27</marc:subfield>
      <marc:subfield code="9">27</marc:subfield>
      <marc:subfield code="c">GBV</marc:subfield>
      <marc:subfield code="d">c</marc:subfield>
      <marc:subfield code="g">2025 ZA 184 :Suppl. 46.1983</marc:subfield>
      <marc:subfield code="h">Mag</marc:subfield>
    </marc:datafield>
    <marc:datafield tag="924" ind1="0" ind2=" ">
      <marc:subfield code="a">014674343</marc:subfield>
      <marc:subfield code="b">DE-7</marc:subfield>
      <marc:subfield code="9">7</marc:subfield>
      <marc:subfield code="c">GBV</marc:subfield>
      <marc:subfield code="d">c</marc:subfield>
      <marc:subfield code="g">ZA 19380:46</marc:subfield>
    </marc:datafield>
    <marc:datafield tag="924" ind1="0" ind2=" ">
      <marc:subfield code="a">170982785</marc:subfield>
      <marc:subfield code="b">DE-7</marc:subfield>
      <marc:subfield code="9">7</marc:subfield>
      <marc:subfield code="c">GBV</marc:subfield>
      <marc:subfield code="d">d</marc:subfield>
      <marc:subfield code="g">288 A,Suppl.46</marc:subfield>
      <marc:subfield code="h">7/016</marc:subfield>
    </marc:datafield>
    <marc:datafield tag="924" ind1="0" ind2=" ">
      <marc:subfield code="a">40519448X</marc:subfield>
      <marc:subfield code="b">DE-3</marc:subfield>
      <marc:subfield code="9">3</marc:subfield>
      <marc:subfield code="c">GBV</marc:subfield>
      <marc:subfield code="d">c</marc:subfield>
      <marc:subfield code="g">Z 529 a : 46</marc:subfield>
      <marc:subfield code="h">Ha 19</marc:subfield>
    </marc:datafield>
    <marc:datafield tag="924" ind1="0" ind2=" ">
      <marc:subfield code="a">014674351</marc:subfield>
      <marc:subfield code="b">DE-89</marc:subfield>
      <marc:subfield code="9">89</marc:subfield>
      <marc:subfield code="c">GBV</marc:subfield>
      <marc:subfield code="d">b</marc:subfield>
      <marc:subfield code="g">RN 6505(46)</marc:subfield>
    </marc:datafield>
    <marc:datafield tag="924" ind1="0" ind2=" ">
      <marc:subfield code="a">3222741476</marc:subfield>
      <marc:subfield code="b">DE-21</marc:subfield>
      <marc:subfield code="9">21</marc:subfield>
      <marc:subfield code="c">BSZ</marc:subfield>
      <marc:subfield code="d">c</marc:subfield>
      <marc:subfield code="g">23 A 19951</marc:subfield>
    </marc:datafield>
    <marc:datafield tag="924" ind1="0" ind2=" ">
      <marc:subfield code="a">3541963840</marc:subfield>
      <marc:subfield code="b">DE-25</marc:subfield>
      <marc:subfield code="9">25</marc:subfield>
      <marc:subfield code="c">BSZ</marc:subfield>
      <marc:subfield code="d">c</marc:subfield>
      <marc:subfield code="g">Geo ZZ 131-45/46</marc:subfield>
    </marc:datafield>
    <marc:datafield tag="924" ind1="0" ind2=" ">
      <marc:subfield code="a">3222741530</marc:subfield>
      <marc:subfield code="b">DE-291</marc:subfield>
      <marc:subfield code="9">291</marc:subfield>
      <marc:subfield code="c">BSZ</marc:subfield>
      <marc:subfield code="d">c</marc:subfield>
      <marc:subfield code="g">84-7399</marc:subfield>
    </marc:datafield>
    <marc:datafield tag="924" ind1="0" ind2=" ">
      <marc:subfield code="a">322274162X</marc:subfield>
      <marc:subfield code="b">DE-24</marc:subfield>
      <marc:subfield code="9">24</marc:subfield>
      <marc:subfield code="c">BSZ</marc:subfield>
      <marc:subfield code="d">c</marc:subfield>
      <marc:subfield code="g">34a/782</marc:subfield>
    </marc:datafield>
    <marc:datafield tag="924" ind1="0" ind2=" ">
      <marc:subfield code="a">3222741697</marc:subfield>
      <marc:subfield code="b">DE-16-35</marc:subfield>
      <marc:subfield code="9">16/35</marc:subfield>
      <marc:subfield code="c">BSZ</marc:subfield>
      <marc:subfield code="d">b</marc:subfield>
      <marc:subfield code="g">A 35 Suppl.</marc:subfield>
    </marc:datafield>
    <marc:datafield tag="924" ind1="0" ind2=" ">
      <marc:subfield code="a">3222741824</marc:subfield>
      <marc:subfield code="b">DE-90</marc:subfield>
      <marc:subfield code="9">90</marc:subfield>
      <marc:subfield code="c">BSZ</marc:subfield>
      <marc:subfield code="d">c</marc:subfield>
      <marc:subfield code="g">83 A 4797</marc:subfield>
    </marc:datafield>
    <marc:datafield tag="924" ind1="0" ind2=" ">
      <marc:subfield code="a">3222741905</marc:subfield>
      <marc:subfield code="b">DE-93</marc:subfield>
      <marc:subfield code="9">93</marc:subfield>
      <marc:subfield code="c">BSZ</marc:subfield>
      <marc:subfield code="d">c</marc:subfield>
      <marc:subfield code="g">3Z 3851-46</marc:subfield>
    </marc:datafield>
    <marc:datafield tag="924" ind1="0" ind2=" ">
      <marc:subfield code="a">3222741999</marc:subfield>
      <marc:subfield code="b">DE-31</marc:subfield>
      <marc:subfield code="9">31</marc:subfield>
      <marc:subfield code="c">BSZ</marc:subfield>
      <marc:subfield code="d">c</marc:subfield>
      <marc:subfield code="g">83 A 16937</marc:subfield>
    </marc:datafield>
    <marc:datafield tag="924" ind1="0" ind2=" ">
      <marc:subfield code="a">4905798329</marc:subfield>
      <marc:subfield code="b">DE-77-002</marc:subfield>
      <marc:subfield code="9">77/002</marc:subfield>
      <marc:subfield code="c">BSZ</marc:subfield>
      <marc:subfield code="d">b</marc:subfield>
      <marc:subfield code="g">Za 32, Suppl.-Bd. 46/48</marc:subfield>
      <marc:subfield code="h">Geographie und Geowissenschaften</marc:subfield>
    </marc:datafield>
    <marc:datafield tag="924" ind1="0" ind2=" ">
      <marc:subfield code="a">3452979245</marc:subfield>
      <marc:subfield code="b">DE-185</marc:subfield>
      <marc:subfield code="9">185</marc:subfield>
      <marc:subfield code="c">BSZ</marc:subfield>
      <marc:subfield code="d">c</marc:subfield>
      <marc:subfield code="g">VIII 5190a - 46</marc:subfield>
    </marc:datafield>
    <marc:datafield tag="935" ind1=" " ind2=" ">
      <marc:subfield code="i">Blocktest</marc:subfield>
    </marc:datafield>
    <marc:datafield tag="936" ind1="r" ind2="v">
      <marc:subfield code="a">RB 10247</marc:subfield>
      <marc:subfield code="b">Teilgebiete und Einzelfragen</marc:subfield>
      <marc:subfield code="k">Geografie</marc:subfield>
      <marc:subfield code="k">Nicht regional gebundene Darstellungen</marc:subfield>
      <marc:subfield code="k">Allgemeine Geografie</marc:subfield>
      <marc:subfield code="k">Mathematische Geografie und Physiogeografie</marc:subfield>
      <marc:subfield code="k">Geomorphologie</marc:subfield>
      <marc:subfield code="k">Teilgebiete und Einzelfragen</marc:subfield>
      <marc:subfield code="0">(DE-627)1271507455</marc:subfield>
      <marc:subfield code="0">(DE-625)rvk/142220:12673</marc:subfield>
      <marc:subfield code="0">(DE-576)201507455</marc:subfield>
    </marc:datafield>
    <marc:datafield tag="936" ind1="r" ind2="v">
      <marc:subfield code="a">RB 10262</marc:subfield>
      <marc:subfield code="b">Bildung der Einzelformen</marc:subfield>
      <marc:subfield code="k">Geografie</marc:subfield>
      <marc:subfield code="k">Nicht regional gebundene Darstellungen</marc:subfield>
      <marc:subfield code="k">Allgemeine Geografie</marc:subfield>
      <marc:subfield code="k">Mathematische Geografie und Physiogeografie</marc:subfield>
      <marc:subfield code="k">Geomorphologie</marc:subfield>
      <marc:subfield code="k">Analytische Geomorphologie</marc:subfield>
      <marc:subfield code="k">Bildung der Einzelformen</marc:subfield>
      <marc:subfield code="0">(DE-627)1271626373</marc:subfield>
      <marc:subfield code="0">(DE-625)rvk/142220:12678</marc:subfield>
      <marc:subfield code="0">(DE-576)201626373</marc:subfield>
    </marc:datafield>
    <marc:datafield tag="936" ind1="b" ind2="k">
      <marc:subfield code="a">38.42</marc:subfield>
      <marc:subfield code="j">Verwitterung</marc:subfield>
      <marc:subfield code="j">Erosion</marc:subfield>
      <marc:subfield code="0">(DE-627)106407082</marc:subfield>
    </marc:datafield>
    <marc:datafield tag="936" ind1="b" ind2="k">
      <marc:subfield code="a">38.45</marc:subfield>
      <marc:subfield code="j">Geomorphologie</marc:subfield>
      <marc:subfield code="0">(DE-627)106421859</marc:subfield>
    </marc:datafield>
    <marc:datafield tag="936" ind1="s" ind2="n">
      <marc:subfield code="a">r100</marc:subfield>
      <marc:subfield code="2">mzub</marc:subfield>
    </marc:datafield>
    <marc:datafield tag="936" ind1="s" ind2="n">
      <marc:subfield code="a">t200</marc:subfield>
      <marc:subfield code="2">mzub</marc:subfield>
    </marc:datafield>
    <marc:datafield tag="951" ind1=" " ind2=" ">
      <marc:subfield code="a">BO</marc:subfield>
    </marc:datafield>
  </marc:record>
</marc:collection>
